Statistics : Principles and Methods

Αποθηκεύτηκε σε:
Λεπτομέρειες βιβλιογραφικής εγγραφής
Κύριος συγγραφέας: Johnson, Richard Arnold
Άλλοι συγγραφείς: Bhattacharyya, Gouri K. 1940-
Μορφή: Βιβλίο
Γλώσσα:English
Δημοσίευση: New York : John Wiley, c1992
Έκδοση:2nd ed.
Θέματα:
Ετικέτες: Προσθήκη ετικέτας
Δεν υπάρχουν, Καταχωρήστε ετικέτα πρώτοι!

MARC

LEADER 00000nam a2200000 i 4500
001 1/40707
008 950215s1992 eng d
020 |a 0-471-54842-1 
035 |a 1995  |c ΒΙΒΛΙΟΘΗΚΗ  |l 10041319 
040 |a GR-MY-UA  |b gre  |e aacr 
041 0 |a eng 
082 0 |a 519.5 
100 1 |a Johnson, Richard Arnold. 
245 1 0 |a Statistics :  |b Principles and Methods /  |c Richards A. Johnson, Gouri K. Bhattacharyya 
250 |a 2nd ed. 
260 |a New York :   |b John Wiley,   |c c1992 
300 |a 686 p.;  |c 24 cm. 
500 |a Includes index 
650 0 0 |a Statistics. 
700 1 |a Bhattacharyya, Gouri K.  |d 1940- 
852 |a INST  |b SAMOS  |e 19950215  |h 519.5 JOH  |p 005300006388  |q 005300006388  |t BK  |y 0 
909 |a Σ  |b 035542